The battle of the Labyrinth / (Record no. 27)

MARC details
000 -LEADER
fixed length control field 01459nam a22003977a 4500
001 - CONTROL NUMBER
control field 27
003 - CONTROL NUMBER IDENTIFIER
control field FISKH
005 - DATE AND TIME OF LATEST TRANSACTION
control field 20260422090133.0
008 - FIXED-LENGTH DATA ELEMENTS--GENERAL INFORMATION
fixed length control field 230224b cb ||||| |||| 00| 0 eng d
010 ## - LIBRARY OF CONGRESS CONTROL NUMBER
LC control number 2007042957
020 ## - INTERNATIONAL STANDARD BOOK NUMBER
International Standard Book Number 9781423101468 (reinforced bdg.)
020 ## - INTERNATIONAL STANDARD BOOK NUMBER
International Standard Book Number 1423101464 (reinforced bdg.)
020 ## - INTERNATIONAL STANDARD BOOK NUMBER
International Standard Book Number 9780141346830
035 ## - SYSTEM CONTROL NUMBER
System control number (OCoLC)ocn180753884
035 ## - SYSTEM CONTROL NUMBER
System control number (OCoLC)180753884
040 ## - CATALOGING SOURCE
Original cataloging agency DLC
Transcribing agency DLC
Modifying agency IG#
-- BTCTA
-- BAKER
-- BIB
-- UPZ
-- YDXCP
-- WIQ
-- EHH
-- B2A
-- DLC
-- FISKH
Language of cataloging eng
042 ## - AUTHENTICATION CODE
Authentication code lcac
-- lcac
050 00 - LIBRARY OF CONGRESS CALL NUMBER
Classification number PZ7
Item number .R4829
082 00 - DEWEY DECIMAL CLASSIFICATION NUMBER
Classification number 813.6
100 1# - MAIN ENTRY--PERSONAL NAME
Personal name Riordan, Rick.
245 14 - TITLE STATEMENT
Title The battle of the Labyrinth /
Statement of responsibility, etc. Rick Riordan
250 ## - EDITION STATEMENT
Edition statement 1st ed.
260 ## - PUBLICATION, DISTRIBUTION, ETC.
Place of publication, distribution, etc. Bungay
Name of publisher, distributor, etc. Puffin Books
Date of publication, distribution, etc. 2008
300 ## - PHYSICAL DESCRIPTION
Extent 361 pages :
Dimensions 20 cm
490 1# - SERIES STATEMENT
Series statement Percy Jackson & the Olympians ;
Volume/sequential designation Book 4
505 ## - FORMATTED CONTENTS NOTE
Formatted contents note N
520 ## - SUMMARY, ETC.
Summary, etc. When demonic cheerleaders invade his high school, Percy Jackson hurries to Camp Half Blood, from whence he and his demigod friends set out on a quest through the Labyrinth, while the war between the Olympians and the evil Titan lord Kronos draws near.
521 08 - TARGET AUDIENCE NOTE
Target audience note 590 <br/>
Source Lexile
521 ## - TARGET AUDIENCE NOTE
Target audience note N
Source Raz-Paz
600 10 - SUBJECT ADDED ENTRY--PERSONAL NAME
Personal name Jackson, Percy
Titles and other words associated with a name (Fictitious character)
Form subdivision Juvenile fiction.
650 #0 - SUBJECT ADDED ENTRY--TOPICAL TERM
Topical term or geographic name entry element Labyrinths
Form subdivision Juvenile fiction.
650 #1 - SUBJECT ADDED ENTRY--TOPICAL TERM
Topical term or geographic name entry element Monsters
Form subdivision Fiction.
800 1# - SERIES ADDED ENTRY--PERSONAL NAME
Personal name Riordan, Rick.
Title of a work Percy Jackson & the Olympians ;
Volume/sequential designation Book 4
906 ## - LOCAL DATA ELEMENT F, LDF (RLIN)
a 7
b cbc
c orignew
d 1
e ecip
f 20
g y-gencatlg
942 ## - ADDED ENTRY ELEMENTS (KOHA)
Source of classification or shelving scheme Dewey Decimal Classification
Koha item type Books
Suppress in OPAC No
Holdings
Withdrawn status Lost status Source of classification or shelving scheme Damaged status Not for loan Collection Home library Current library Shelving location Date acquired Total Checkouts Full call number Barcode Date last seen Date last checked out Copy number Price effective from Koha item type
    Dewey Decimal Classification     Juvenile Fiction Footprints International School Library Network Toul Kork Campus Footprints International School Library Network Toul Kork Campus TK Primary Library Room(4th Floor), Bookcase 3&4, Shelves 17-32, Yellow Books 01/26/2023 2 RIO 813.6 PZ7.R4829 2009 FISTK05279 02/23/2026 01/30/2026 1 01/26/2023 Books
    Dewey Decimal Classification     Juvenile Fiction Footprints International School Library Network Toul Tom Poung Campus Footprints International School Library Network Toul Tom Poung Campus TTP Primary Yellow Bookshelves 08/12/2025 4 RIO 813.6 PZ7.R4829 2009 2025-4065 02/12/2026 02/11/2026 2 08/12/2025 Books